• 首页
  • 本馆介绍
  • 公告通知
  • 最新文献
  • 馆藏检索
  • 电子资源
  • 读者导购
  • 参考咨询
  • 我的图书馆
  • 登录
  • 详细信息显示
  • 放入我的书架
  • 预约/预借图书
  • 作者相关作品
  • 分类相关作品
  • 丛书相关作品
  • 出版社相关作品

书目信息

  • 表格格式
  • 工作单格式
  • 卡片格式
题名:
几种北方藤本植物光合作用效率及水分生态特征
    
 
作者: 夏江宝 , 张淑勇 , 张光灿 著
分册:  
出版信息: 北京   中国林业出版社  2015
页数: 275页
开本: 23cm
丛书名:
单 册:
中图分类: Q945.11 , Q949.71
科图分类:
主题词: 藤属--光合作用--效率--研究 , 藤属--含水量--研究
电子资源:
ISBN: 978-7-5038-8135-0
000 01238nam0 2200265 450
001 3449
005 20160926084105.25
010    @a978-7-5038-8135-0@b平装@dCNY75.00
100    @a20151222d2015 em y0chiy50 ea
101 0  @achi
102    @aCN@b110000
105    @ay z 000yy
200 1  @a几种北方藤本植物光合作用效率及水分生态特征@9ji zhong bei fang teng ben zhi wu guang he zuo yong xiao lv ji shui fen sheng tai te zheng@f夏江宝,张淑勇,张光灿等著
210    @a北京@c中国林业出版社@d2015
215    @a275页@d23cm
330    @a本书以我国北方常见的美国凌霄、紫藤、中华常春藤、蛇葡萄、五叶地锦、三叶地锦等14种主要木质藤本植物为研究对象,测定分析了干旱胁迫和系列水分梯度下不同藤本植物的光合作用效率指标等。阐明了藤本植物主要光合作用效率指标对土壤水分的响应规律,明确了其适宜土壤水分、生理有效辐射范围等,以期为藤本植物在我国北方地区的合理配置、栽培管理和开发利用提供科学依据。
606 0  @a藤属@x光合作用@x效率@x研究
606 0  @a藤属@x含水量@x研究
690    @aQ945.11@v5
690    @aQ949.71@v5
701  0 @a夏江宝@9xia jiang bao@f(1978-)@4著
701  0 @a张淑勇@9zhang shu yong@f(1980-)@4著
701  0 @a张光灿@9zhang guang can@f(1963-)@4著
801  0 @aCN@b唐山师范学院图书馆@c20151001
905    @aZUCC@dQ945.11@e294
    
    几种北方藤本植物光合作用效率及水分生态特征/夏江宝,张淑勇,张光灿等著.-北京:中国林业出版社,2015
    275页;23cm
    
    
    ISBN 978-7-5038-8135-0(平装):CNY75.00
    本书以我国北方常见的美国凌霄、紫藤、中华常春藤、蛇葡萄、五叶地锦、三叶地锦等14种主要木质藤本植物为研究对象,测定分析了干旱胁迫和系列水分梯度下不同藤本植物的光合作用效率指标等。阐明了藤本植物主要光合作用效率指标对土壤水分的响应规律,明确了其适宜土壤水分、生理有效辐射范围等,以期为藤本植物在我国北方地区的合理配置、栽培管理和开发利用提供科学依据。
●
相关链接 在E读中查询图书 在五车中查询图书 在当当中查询图书 在豆瓣中查询图书


正题名:几种北方藤本植物光合作用效率及水分生态特征     索取号:Q945.11/294         预约/预借

序号 登录号 条形码 馆藏地/架位号 状态 备注
1 905081   209050818   第二样本阅览室/ [索取号:Q945.11/294] 在馆    
2 905082   209050827   第三借阅区/ [索取号:Q945.11/294] 在馆    
3 905083   209050836   第三借阅区/ [索取号:Q945.11/294] 在馆    
4 905084   209050845   第三借阅区/ [索取号:Q945.11/294] 在馆    
唐山师范学院图书馆 欢迎您!
大连网信软件有限公司© 版权所有